000 01423 a2200421 4500
001 16241945
003 0000
005 20251016103913.0
008 100519r20102000enka bf 001 0 eng
010 _a 2010293822
015 _aGBA974305
_2bnb
016 7 _a015336900
_2Uk
020 _a9781009429696
035 _a16241945
035 _a(OCoLC)428776506
040 _aUKM
_cUKM
_dC#P
_dDLC
_erda
042 _alccopycat
050 0 0 _aRC 86.8 .P39
082 0 4 _a615.1
_222
100 1 _aPaw, Henry G. W.
245 1 0 _aHandbook of drugs in intensive care :
_ban A-Z guide /
_cHenry G.W. Paw, Gilbert R. Park.
250 _a7th ed.
264 _aCambridge ;
_bCambridge University Press,
_c2025.
300 _axvii, 451p. :
_bill. ;
336 _atext
_btxt
_2rdacontent
337 _aunmediated
_bn
_2rdamedia
338 _avolume
_bnc
_2rdacarrier
500 _aFolded col. chart inserted inside back cover.
500 _aPrevious ed.: 2006.
504 _aIncludes bibliographical references and index.
650 0 _aCritical care medicine.
650 0 _aDrugs
_vHandbooks, manuals, etc.
700 1 _aShulman, Robert,
_d1966-
906 _a7
_bcbc
_ccopycat
_d2
_encip
_f20
_gy-gencatlg
942 _2lcc
_cBK
999 _c43829
_d43829